El gobierno de los bienes comunes : (Registro nro. 7970)
[ vista simple ]
| 000 -LEADER | |
|---|---|
| fixed length control field | 01621nam a2200301Ia 4500 |
| 003 - CONTROL NUMBER IDENTIFIER | |
| control field | OSt |
| 005 - DATE AND TIME OF LATEST TRANSACTION | |
| control field | 20210527145903.0 |
| 008 - FIXED-LENGTH DATA ELEMENTS--GENERAL INFORMATION | |
| fixed length control field | 210310s2011 mx fr 000 0 spa d |
| 020 ## - INTERNATIONAL STANDARD BOOK NUMBER | |
| International Standard Book Number | 9786071606174 |
| 040 ## - CATALOGING SOURCE | |
| Original cataloging agency | CO-JMCR |
| Transcribing agency | CO-JMCR |
| 041 1# - LANGUAGE CODE | |
| Language code of text/sound track or separate title | spa |
| Language code of original | eng |
| 082 04 - DEWEY DECIMAL CLASSIFICATION NUMBER | |
| Classification number | 333.2 / |
| Item number | O856g |
| Edition number | 23 |
| 100 1# - MAIN ENTRY--PERSONAL NAME | |
| Personal name | Ostrom, Elinor, |
| 9 (RLIN) | 15959 |
| Relator term | autor |
| 245 13 - TITLE STATEMENT | |
| Title | El gobierno de los bienes comunes : |
| Remainder of title | la evolución de las instituciones de acción colectiva / |
| Statement of responsibility, etc. | Elinor Ostrom ; traducción y revisión técnica, Leticia Merino Pérez |
| 250 ## - EDITION STATEMENT | |
| Edition statement | Segunda edición |
| 260 ## - PUBLICATION, DISTRIBUTION, ETC. | |
| Place of publication, distribution, etc. | México : |
| Name of publisher, distributor, etc. | Instituto de Investigaciones Sociales : |
| -- | Universidad Nacional Autónoma de México : |
| -- | Fondo de Cultura Económica, |
| Date of publication, distribution, etc. | 2011 |
| 300 ## - PHYSICAL DESCRIPTION | |
| Extent | 403 páginas ; |
| Dimensions | 21 cm. |
| 490 0# - SERIES STATEMENT | |
| Series statement | Economía |
| 500 ## - GENERAL NOTE | |
| General note | Título original: Governin the commons. The evolution of institutions for collective action. |
| 500 ## - GENERAL NOTE | |
| General note | Incluye notas a pie de página. |
| 504 ## - BIBLIOGRAPHY, ETC. NOTE | |
| Bibliography, etc. note | Bibliografía: páginas 361-399 |
| 505 0# - FORMATTED CONTENTS NOTE | |
| Formatted contents note | Reflexiones sobre los bienes comunes -- Una perspectiva institucional para el estudio de la auto-organización y el autogobierno en casos de RUC -- Análisis de RUC de larga duración, auto organizados y autogobernados -- Análisis del cambio institucional -- Análisis de los fracasos y de las fragilidades institucionales -- Un marco para el análisis de la autoorganización y autogestión de RUC |
| 546 ## - LANGUAGE NOTE | |
| Language note | Traducido del inglés |
| 650 14 - SUBJECT ADDED ENTRY--TOPICAL TERM | |
| Topical term or geographic name entry element | Elección social |
| 9 (RLIN) | 15961 |
| General subdivision | Estudio de casos |
| 650 24 - SUBJECT ADDED ENTRY--TOPICAL TERM | |
| Topical term or geographic name entry element | Comunes |
| General subdivision | Estudio de casos |
| 9 (RLIN) | 37991 |
| 700 1# - ADDED ENTRY--PERSONAL NAME | |
| Personal name | Merino Pérez, Leticia, |
| Relator term | traductora y revisora |
| 9 (RLIN) | 37992 |
| 942 ## - ADDED ENTRY ELEMENTS (KOHA) | |
| Source of classification or shelving scheme | Dewey Decimal Classification |
| Koha item type | Books |
| Withdrawn status | Lost status | Source of classification or shelving scheme | Damaged status | Not for loan | Collection code | Home library | Current library | Date acquired | Source of acquisition | Full call number | Barcode | Date last seen | Copy number | Koha item type | Total Checkouts | Price effective from |
|---|---|---|---|---|---|---|---|---|---|---|---|---|---|---|---|---|
| Dewey Decimal Classification | Fiction | Biblioteca Pública José María del Castillo y Rada | Biblioteca Pública José María del Castillo y Rada | 04/15/2018 | Donación | 333.2 / O856g | 430003599 | 05/16/2024 | Ej.1 | Books | ||||||
| Dewey Decimal Classification | Fiction | Biblioteca Pública José María del Castillo y Rada | Biblioteca Pública José María del Castillo y Rada | 04/15/2018 | Donación | 333.2 / O856g | 430013198 | 05/16/2024 | Ej.2 | Books | 05/27/2021 |